Introducción a la economía /

Guardado en:
Autor Principal: Rossetti, José Paschoal
Formato: Libro
Publicado: México : Harla, 1994
Edición:15a. ed.
Materias:
Etiquetas: Agregar Etiqueta
Sin Etiquetas, Sea el primero en etiquetar este registro!
LEADER 01107nam a22001935a 4500
001 CEM.cems009387
005 20081212105212.0
008 130507s1994##################000#0#####d
003 CEMS
020 |a 9706130470 
082 0 4 |a 330 
100 1 |a Rossetti, José Paschoal 
245 1 0 |a Introducción a la economía /  |c José Paschoal Rossetti 
250 |a 15a. ed. 
260 |a México :  |b Harla,  |c 1994 
300 |a 721 p. 
505 0 |a Introducción general a la ciencia económica -- Los fundamentos de los problemas económicos -- Los mecanismos esenciales de la organización económica -- Los sistemas económicos conteporáneos: principios y estructuras dinámicas -- La actividad de producción: sus bases, recursos y flujos -- El producto de la actividad económica: concepto y medición -- Algunos aspectos de la distribución del producto -- El equilibrio y las fluctuaciones de los nivels de la producción, del ingreso y del empleo -- la actividad económica nacional y las relaciones económicas internacionales 
653 |a Economía 
859 |a CEMS  |b BIB. CEMS - 11 de abril  |h 330  |i R735a15  |p 19054.97  |t Ej.1